Statistics for Iconic Cars 1: Supercar/Sports car Edition Quiz

Click here to take the quiz!

General Stats

  • This quiz has been taken 126 times
  • The average score is 11 of 30

Answer Stats

HintIconic Supercar% Correct
Named after the company's founder.Ferrari Enzo
89%
Time travel at 88MPH.DeLorean DMC-12
64%
James Bond Goldfinger movie car.Aston Martin DB5
63%
Named after a type of snake.Dodge Viper (SRT Viper)
57%
Holds the fastest Nürburgring lap for a Japanese production car.Nissan GTR
50%
Variants include: Speedster, RS, and Slantnose.Porsche 911
49%
The Hennessey Venom GT is based on this car.Lotus Exige
48%
Remains the fastest naturally aspirated supercar.McLaren F1
46%
American icon by General Motors.Chevrolet Corvette
45%
British supercar with limited production of 77 units.Aston Martin One-77
43%
Special variants include: Pegaso, Soleil de Nuit, & Meo Costantini Edition.Bugatti Veyron
42%
4 time consecutive Le Mans winner and resurrected in 2005.Ford GT40
41%
Are valued upwards of an estimated $50 million as 2013.Ferrari 250 GTO
40%
Last car personally approved by Enzo Ferrari.Ferrari F40
37%
2006 concept car created commorating the 40th Anniversary of 1966 Geneva debut of this car.Lamborghini Miura
37%
1960s American icon. Company's founder personal car sold for $5 million at Barrett-Jackson in 2007.Shelby Cobra
36%
The Sterling Moss cars were only offered to owners of this German car.Mercedes-Benz SLR McLaren
34%
Special editions throughout its 5 generations include: Evolution Imola Individual, CSL, and Lime Rock Park Edition,BMW M3
33%
Famous for it's gull wing doors.Mercedes-Benz 300SL
31%
Famous for its Dihedral Synchro-Helix Actuation Door System. Named after the Swedish word to "to act” or "to take action".Koenigsegg Agera
30%
First supercar by this Japanese-American and is the second model in their F marque.Lexus LFA
30%
Pininfarina designed Japanese icon.Honda/Acura NSX
30%
Sister car to Ferrari's flagship supercar.Maserati MC12
26%
Famous for it's doors sliding down into door sills.BMW Z1
26%
A convertible version specifically built for the James Bond movie You Only Live Twice.Toyota 2000GT
21%
Italian sports car using an American engineDe Tomaso Pantera
17%
German WRC victor. Featured in Ashes to Ashes TV series.Audi Quattro
15%
First car built by the Italian raging bull.Lamborghini 350GT
15%
German supercar built to compete in the BPR Global GT Series (FIA GT Championship).Porsche 911 GT1 Straßenversion
6%
A racing game developed by Core Design for Commodore Amiga and Sega Mega-CD features this British supercar.Jaguar XJ220
6%

Score Distribution

Percentile by Number Answered

Percent of People with Each Score

Your Score History

You have not taken this quiz